Welcome to the Holygrace Academy Library

Please use search bar below to get started

HISTORY OF PHYSICS (Record no. 1467)

MARC details
000 -LEADER
fixed length control field 00379nam a22001577a 4500
020 ## - INTERNATIONAL STANDARD BOOK NUMBER
ISBN 81-7044-508-6
082 ## - DEWEY DECIMAL CLASSIFICATION NUMBER
Classification number 530
Item number SIN/H
100 ## - MAIN ENTRY--AUTHOR NAME
Personal name RAJBIR SINGH
245 ## - TITLE STATEMENT
Title HISTORY OF PHYSICS
Remainder of title PHYSICS
246 ## - VARYING FORM OF TITLE
Title proper/short title HISTORY OF PHYSICS
Remainder of title PHYSICS
260 ## - PUBLICATION, DISTRIBUTION, ETC. (IMPRINT)
Place of publication JAIPUR
Name of publisher PRINTWELL PUBLISHERS DISTRIBUTORS
Year of publication 1999
300 ## - PHYSICAL DESCRIPTION
Number of Pages 415
520 ## - SUMMARY, ETC.
Summary, etc PHYSICS
650 ## - SUBJECT ADDED ENTRY--TOPICAL TERM
Topical Term PHYSICS
942 ## - ADDED ENTRY ELEMENTS (KOHA)
Koha item type Books
Holdings
Withdrawn status Lost status Collection code Home library Current library Shelving location Date acquired Source of acquisition Cost, normal purchase price Full call number Accession Number Koha item type
    Reference Main Library Main Library SHELF-5C REFERENCE PHYSICS 18/03/2006 Purchase 550.00 530 SIN/H 02290 Books